[Event "Sunway Sitges Online KO"]
[Site "chess.com INT"]
[Date "2020.04.28"]
[Round "4.2"]
[White "Vasquez Schroeder, Rodrigo"]
[Black "Yoo, Christopher Woojin"]
[Result "1-0"]
[WhiteTitle "GM"]
[BlackTitle "IM"]
[WhiteElo "2441"]
[BlackElo "2455"]
[WhiteFideId "3400042"]
[BlackFideId "30909694"]
[EventDate "2020.04.28"]

1. e4 c5 2. Nf3 e6 3. d4 cxd4 4. Nxd4 Nf6 5. Nc3 Nc6 6. Ndb5 Bc5 7. Bf4 O-O 8.
Bc7 Qe7 9. Bd6 Bxd6 10. Qxd6 Qd8 11. O-O-O Ne8 12. Qd2 a6 13. Nd6 Nxd6 14. Qxd6
b5 15. Kb1 Bb7 16. f4 Qa5 17. e5 b4 18. Ne4 Nxe5 19. Nc5 Bd5 20. Rxd5 exd5 21.
Nb3 Qd8 22. fxe5 Qg5 23. Nd4 Rac8 24. Qxd5 Rfe8 25. Nf3 Qg6 26. Qd2 d6 27. Bd3
f5 28. exd6 Rcd8 29. Rd1 Kh8 30. Bc4 Rd7 31. b3 h6 32. Qd4 Re4 33. Qc5 Qf6 34.
Qxb4 g5 35. Qb8+ Rd8 36. Qc7 g4 37. Ng1 a5 38. a4 h5 39. g3 h4 40. Ne2 Ree8 41.
Nf4 h3 42. Ka2 Re3 43. Ng6+ Qxg6 44. Qxd8+ Kh7 45. Qc7+ Kh6 46. d7 Rc3 47. d8=Q
Rxc2+ 48. Kb1 Rc1+ 49. Kxc1 Qg5+ 50. Qxg5+ 1-0

[Event "Sunway Sitges Online KO"]
[Site "chess.com INT"]
[Date "2020.04.28"]
[Round "4.2"]
[White "Vrolijk, Liam"]
[Black "Adly, Ahmed"]
[Result "0-1"]
[WhiteTitle "IM"]
[BlackTitle "GM"]
[WhiteElo "2502"]
[BlackElo "2615"]
[WhiteFideId "1048333"]
[BlackFideId "10601619"]
[EventDate "2020.04.28"]

1. d4 Nf6 2. c4 e6 3. Nf3 Bb4+ 4. Nbd2 O-O 5. a3 Be7 6. e4 d6 7. Be2 Nfd7 8. b4
e5 9. d5 a5 10. Bb2 c6 11. O-O g6 12. Bc3 f5 13. Bd3 axb4 14. axb4 Rxa1 15. Qxa1
cxd5 16. cxd5 Nf6 17. Qa7 fxe4 18. Nxe4 Nxe4 19. Bxe4 Nd7 20. Bd2 Qb6 21. Qxb6
Nxb6 22. Rc1 Bf5 23. Bxf5 gxf5 24. Rc7 Nxd5 25. Rxb7 f4 26. g3 fxg3 27. Kg2 gxf2
28. Bh6 Rxf3 29. Rb8+ Kf7 0-1